000 00409nam a22001697a 4500
005 20160601114105.0
008 160601b xxu||||| |||| 00| 0 eng d
020 _a81-203-0027-0
041 _aeng
082 _b6713
100 _aGopal Krishnan, P & Sundaresan, M
_91660
245 _aMaterials Management
260 _aNew Delhi
_bPHI,
_c2004
300 _a269
650 _aManagement
_9241
942 _cBK
999 _c2337
_d2336